000
00312nam a22001457a 4500
008
221018b ||||| |||| 00| 0 eng d
020
_a
1591470900
041
_a
eng
080
_2
volum 40
_a
159.9
082
_a
159.9
100
_a
24.1
101
_a
psi
245
_a
Psychotherapy
_c
WOLF A
942
_2
udc
_c
BK
999
_c
58592
_d
58592